[Event "Orsha op-A 21st"]
[Site "Orsha"]
[Date "2023.01.20"]
[Round "3"]
[White "Aleksandrov, Aleksej"]
[Black "Bruyatskaya, Marina"]
[Result "1-0"]
[WhiteElo "2496"]
[BlackElo "1941"]
[PlyCount "63"]
[EventDate "2023.01.19"]
[EventType "swiss"]
[EventRounds "9"]
[EventCountry "BLR"]
[SourceTitle "CBM 212 Extra"]
[Source "ChessBase"]
[SourceDate "2023.03.31"]
[SourceVersion "1"]
[SourceVersionDate "2023.03.31"]
[SourceQuality "1"]

1. d4 d5 2. c4 e6 3. Nc3 Nf6 4. cxd5 exd5 5. Bg5 c6 6. e3 Be7 7. Bd3 Nbd7 8. h3 Ne4 9. Bf4 Ndf6 10. Nf3 Bd6 11. Ne5 Nxc3 12. bxc3 Ne4 13. 0-0 0-0 14. Qc2 f6 15. Bxe4 dxe4 16. Qb3+ Kh8 17. Nf7+ Rxf7 18. Qxf7 Bxf4 19. exf4 Bd7 20. Rae1 f5 21. f3 Qe8 22. Qxe8+ Rxe8 23. fxe4 fxe4 24. Re3 Bf5 25. g4 Bg6 26. Rfe1 Kg8 27. f5 Bf7 28. Rxe4 Rxe4 29. Rxe4 Bxa2 30. Re7 b5 31. Rxa7 Bd5 32. Kf2 1-0

[Event "Minsk op"]
[Site "Minsk"]
[Date "2022.08.11"]
[Round "9"]
[White "Bruyatskaya, Marina"]
[Black "Bazyrtsyrenov, Kirill"]
[Result "1/2-1/2"]
[WhiteElo "1956"]
[BlackElo "2305"]
[PlyCount "37"]
[EventDate "2022.08.03"]
[EventType "swiss"]
[EventRounds "9"]
[EventCountry "BLR"]
[SourceTitle "CBM 209 Extra"]
[Source "ChessBase"]
[SourceDate "2022.09.30"]
[SourceVersion "1"]
[SourceVersionDate "2022.09.30"]
[SourceQuality "1"]

1. e4 c5 2. Nf3 Nc6 3. d4 cxd4 4. Nxd4 g6 5. c4 Bg7 6. Be3 Nf6 7. Nc3 d6 8. Be2 0-0 9. 0-0 Bd7 10. Rc1 Nxd4 11. Bxd4 Bc6 12. Qd3 a5 13. Nd5 Nd7 14. Bxg7 Kxg7 15. Qe3 Rc8 16. f4 Bxd5 17. cxd5 Qb6 18. Qxb6 Nxb6 19. b3 1/2-1/2

[Event "Minsk op"]
[Site "Minsk"]
[Date "2022.08.04"]
[Round "2"]
[White "Bruyatskaya, Marina"]
[Black "Gorovets, Andrey"]
[Result "0-1"]
[WhiteElo "1956"]
[BlackElo "2493"]
[PlyCount "88"]
[EventDate "2022.08.03"]
[EventType "swiss"]
[EventRounds "9"]
[EventCountry "BLR"]
[SourceTitle "CBM 209 Extra"]
[Source "ChessBase"]
[SourceDate "2022.09.30"]
[SourceVersion "1"]
[SourceVersionDate "2022.09.30"]
[SourceQuality "1"]

1. e4 d5 2. exd5 Qxd5 3. Nc3 Qd6 4. d4 Nf6 5. Bc4 a6 6. Nf3 b5 7. Bd3 Bb7 8. Qe2 e6 9. Ne4 Qd5 10. Nxf6+ gxf6 11. Bf4 Bd6 12. Bxd6 cxd6 13. a4 Rg8 14. c3 Rxg2 15. Nd2 f5 16. axb5 axb5 17. Bxb5+ Ke7 18. Rxa8 Bxa8 19. Qc4 Qxc4 20. Bxc4 Rxf2 21. Kxf2 Bxh1 22. Bd3 d5 23. b3 Nc6 24. Bb5 Na7 25. Ba6 Kd6 26. Nf1 Be4 27. Ng3 Bc2 28. b4 Ba4 29. Bd3 Nb5 30. Bxb5 Bxb5 31. Nh5 Ke7 32. Ke3 f6 33. Kf4 Be8 34. Ng3 Kd6 35. h4 Bd7 36. Nf1 e5+ 37. Kf3 f4 38. Nd2 h5 39. c4 Bg4+ 40. Kg2 dxc4 41. dxe5+ fxe5 42. Nxc4+ Kd5 43. Nd2 e4 44. b5 e3 0-1

[Event "Ivanovo Derbenev op"]
[Site "Ivanovo"]
[Date "2010.06.29"]
[Round "9"]
[White "Bruyatskaya, Marina"]
[Black "Zabotin, Alexander"]
[Result "0-1"]
[WhiteElo "2052"]
[BlackElo "2473"]
[PlyCount "36"]
[EventDate "2010.06.20"]
[EventType "swiss"]
[EventRounds "9"]
[EventCountry "RUS"]
[SourceTitle "CBM 137 Extra"]
[Source "ChessBase"]
[SourceDate "2010.09.01"]
[SourceVersion "1"]
[SourceVersionDate "2010.09.01"]
[SourceQuality "1"]

1. d4 Nf6 2. c4 g6 3. Nf3 Bg7 4. g3 0-0 5. Bg2 d6 6. 0-0 c6 7. Nc3 Qa5 8. d5 cxd5 9. Nxd5 Nxd5 10. Qxd5 Qxd5 11. cxd5 Na6 12. Rd1 Bd7 13. Nd4 Rfc8 14. Bg5 Kf8 15. a3 Nc5 16. Rac1 Na4 17. b3 Nb2 18. Rxc8+ Rxc8 0-1

[Event "Ivanovo Derbenev op"]
[Site "Ivanovo"]
[Date "2010.06.28"]
[Round "8"]
[White "Nikolaev, Nikolay"]
[Black "Bruyatskaya, Marina"]
[Result "0-1"]
[WhiteElo "2061"]
[BlackElo "2052"]
[PlyCount "56"]
[EventDate "2010.06.20"]
[EventType "swiss"]
[EventRounds "9"]
[EventCountry "RUS"]
[SourceTitle "CBM 137 Extra"]
[Source "ChessBase"]
[SourceDate "2010.09.01"]
[SourceVersion "1"]
[SourceVersionDate "2010.09.01"]
[SourceQuality "1"]

1. d4 Nf6 2. c4 g6 3. Nc3 Bg7 4. Nf3 0-0 5. e4 d6 6. Bd3 e5 7. d5 Nbd7 8. 0-0 Nc5 9. Bc2 a5 10. Be3 b6 11. a3 a4 12. Bxc5 bxc5 13. Bxa4 Nh5 14. h3 Nf4 15. Bc6 Rb8 16. Rb1 f5 17. Re1 g5 18. a4 g4 19. hxg4 fxg4 20. Nh2 Qh4 21. Ne2 Nxg2 22. Rf1 Nf4 23. Nxf4 exf4 24. b3 Qh3 25. Kh1 f3 26. Rg1 Be5 27. Rg3 Bxg3 28. fxg3 Qg2# 0-1

[Event "Ivanovo Region-ch (Women)"]
[Site "Ivanovo"]
[Date "2009.12.09"]
[Round "6.2"]
[White "Bruyatskaya, Marina"]
[Black "Sirotkina, Anna"]
[Result "1-0"]
[WhiteElo "2041"]
[BlackElo "1813"]
[PlyCount "45"]
[EventDate "2009.12.04"]
[EventType "swiss"]
[EventRounds "9"]
[EventCountry "RUS"]
[SourceTitle "EXT 2022"]
[Source "ChessBase"]
[SourceDate "2021.10.06"]
[SourceVersion "1"]
[SourceVersionDate "2021.10.06"]
[SourceQuality "1"]

1. d4 Nf6 2. c4 e6 3. Nf3 b6 4. g3 Ba6 5. b3 Bb4+ 6. Bd2 Be7 7. Bg2 d5 8. Ne5 c6 9. Nc3 Bb7 10. e3 0-0 11. 0-0 Nbd7 12. f4 c5 13. f5 Qc7 14. Nb5 Qb8 15. Nxd7 Nxd7 16. fxe6 fxe6 17. Qg4 Rxf1+ 18. Rxf1 Nf8 19. cxd5 exd5 20. Qf5 Qd8 21. dxc5 bxc5 22. Qf7+ Kh8 23. Bc3 1-0

[Event "Dimitrovgrad-ch"]
[Site "Dimitrovgrad"]
[Date "2009.??.??"]
[Round "5"]
[White "Bruyatskaya, Marina"]
[Black "Urbanaites, Elvira"]
[Result "1-0"]
[WhiteElo "2040"]
[BlackElo "1840"]
[PlyCount "35"]
[EventDate "2009.08.??"]
[EventType "swiss"]
[EventRounds "9"]
[EventCountry "RUS"]
[SourceTitle "EXT 2012"]
[Source "ChessBase"]
[SourceDate "2011.11.24"]
[SourceVersion "1"]
[SourceVersionDate "2011.11.24"]
[SourceQuality "1"]

1. e4 e5 2. Nf3 d5 3. Nxe5 dxe4 4. d4 exd3 5. Bxd3 Be6 6. 0-0 Bd6 7. Nc4 Nf6 8. Nxd6+ cxd6 9. Nc3 0-0 10. Bg5 Nbd7 11. Ne4 Qa5 12. Nxf6+ Nxf6 13. Bxf6 gxf6 14. Re1 Qg5 15. Re3 Kh8 16. Rg3 Qh6 17. Qf3 Qd2 18. Qxf6# 1-0

[Event "Kostroma Volga Cup op"]
[Site "Kostroma"]
[Date "2008.07.??"]
[Round "2"]
[White "Bruyatskaya, Marina"]
[Black "Tsarukian, Elis"]
[Result "0-1"]
[WhiteElo "2045"]
[BlackElo "2246"]
[PlyCount "46"]
[EventDate "2008.07.??"]
[EventType "swiss"]
[EventRounds "9"]
[EventCountry "RUS"]
[SourceTitle "EXT 2009"]
[Source "ChessBase"]
[SourceDate "2008.11.26"]
[SourceVersion "1"]
[SourceVersionDate "2008.11.26"]
[SourceQuality "1"]

1. d4 Nf6 2. c4 g6 3. Nc3 Bg7 4. Nf3 0-0 5. g3 c6 6. Bg2 d6 7. 0-0 Nbd7 8. Qc2 e5 9. Rd1 Qe7 10. e4 Ne8 11. d5 c5 12. a3 f5 13. Ng5 Ndf6 14. Ne6 Rf7 15. Ng5 Rf8 16. Ne6 Bxe6 17. dxe6 Nxe4 18. Nxe4 fxe4 19. Qxe4 Rb8 20. Qd5 b6 21. h4 h6 22. Rd3 Rf6 23. Be4 Kh8 0-1

[Event "RUS-ch (Women) 1st League 57th"]
[Site "Obninsk"]
[Date "2007.02.25"]
[Round "2"]
[White "Murashova, Ekaterina"]
[Black "Bruyatskaya, Marina"]
[Result "1-0"]
[WhiteElo "2204"]
[BlackElo "2083"]
[PlyCount "61"]
[EventDate "2007.02.24"]
[EventType "swiss"]
[EventRounds "9"]
[EventCountry "RUS"]
[SourceTitle "EXT 2010"]
[Source "ChessBase"]
[SourceDate "2010.11.25"]
[SourceVersion "1"]
[SourceVersionDate "2010.11.25"]
[SourceQuality "1"]

1. e4 c5 2. Nf3 d6 3. d4 cxd4 4. Nxd4 Nf6 5. Nc3 g6 6. Be3 Bg7 7. f3 0-0 8. Qd2 Nc6 9. 0-0-0 Bd7 10. g4 Qa5 11. Kb1 Rfc8 12. h4 Ne5 13. h5 Nc4 14. Bxc4 Rxc4 15. hxg6 fxg6 16. Nb3 Qa6 17. e5 Ne8 18. Qh2 h5 19. gxh5 Bxe5 20. f4 Bg7 21. hxg6 Rac8 22. Bd4 Nf6 23. Nd5 Kf8 24. Nxf6 exf6 25. Bc3 Bf5 26. Nd4 R8c5 27. Nxf5 Rxf5 28. Qe2 Rfxf4 29. Qe6 Rc7 30. Rhe1 Qb5 31. Qxd6+ 1-0